Indian States and UT's Capitals - Statistics

General Stats
  • This quiz has been taken 44 times
  • The average score is 24 of 36
Answer Stats
Hint Answer % Correct
Maharashtra Bombay/ Mumbai
96%
Tamilnadu Madras/ Chennai
93%
Punjab Chandigarh
89%
Chandigarh (UT) Chandigarh
89%
Haryana Chandigarh
89%
Delhi (UT) New Delhi
89%
Karnataka Bangalore/ Bengaluru
86%
Rajasthan Jaipur
86%
West Bengal Kolkata
86%
Telangana Hyderabad
82%
Puducherry (UT) Pondicherry/ Puducherry
82%
Bihar Patna
79%
Kerala Trivandrum/ Thiruvananthapuram
79%
Madhya Pradesh Bhopal
75%
Uttar Pradesh Lucknow
75%
Jammu and Kashmir (UT) Srinagar
75%
Ladakh (UT) Leh
71%
Uttarakhand Dehradun
68%
Gujarat Gandhinagar
68%
Goa Panaji
68%
Jharkhand Ranchi
68%
Andaman and Nicobar Islands (UT) Sri Vijaya Puram/ Port Blair
68%
Sikkim Gangtok
64%
Chhattisgarh Raipur
64%
Himachal Pradesh Shimla
64%
Dadra and Nagar Haveli and Daman & Diu (UT) Daman
57%
Mizoram Aizawl
50%
Meghalaya Shillong
50%
Odisha Bhubaneswar
46%
Manipur Imphal
46%
Arunachal Pradesh Itanagar
46%
Assam Dispur
39%
Lakshadweep (UT) Kavaratti
39%
Nagaland Kohima
39%
Tripura Agartala
36%
Andhra Pradesh Amaravati
36%
No matching quizzes found
Score Distribution
Percent of People with Each Score
Percentile by Number Answered
Your Score History
You have not taken this quiz